Central Library OPAC University of Rajshahi

Research in photosynthesis : (Record no. 9673)

MARC details
000 -LEADER
fixed length control field 01073nam a22002531 4500
001 - CONTROL NUMBER
control field 9673
003 - CONTROL NUMBER IDENTIFIER
rucl marc code BD-RjUL
005 - DATE AND TIME OF LATEST TRANSACTION
control field 20211208234821.0
008 - FIXED-LENGTH DATA ELEMENTS--GENERAL INFORMATION
fixed length control field 140121s1957 nyua b 101 0 eng d
035 ## - SYSTEM CONTROL NUMBER
System control number (BD-RjUL)9718
040 ## - CATALOGING SOURCE
Original cataloging agency DLC/ICU
Transcribing agency ICU
Modifying agency DLC
-- BD-RjUL
Language of cataloging eng
041 ## - LANGUAGE CODE
Language code of text/sound track or separate title eng
082 00 - DEWEY DECIMAL CLASSIFICATION NUMBER
Classification number 572.46
Author mark and year NAR 1957
Edition number 23
110 2# - MAIN ENTRY--CORPORATE NAME
Corporate name or jurisdiction name as entry element National Research Council (U.S.).
Subordinate unit Committee on Photobiology.
9 (RLIN) 29919
245 10 - TITLE STATEMENT
Title Research in photosynthesis :
Remainder of title papers and discussions presented at the Gatlinburg conference, October 25-29, 1955, sponsored by the Committee on Photobiology of the National Academy of Sciences-National Research Council and supported by the National Science Foundation.
Statement of responsibility, etc. Edited by H. Gaffron [and others].
260 ## - PUBLICATION, DISTRIBUTION, ETC. (IMPRINT)
Place of publication, distribution, etc. New York :
Name of publisher, distributor, etc. Interscience Publishers,
Date of publication, distribution, etc. 1957.
300 ## - PHYSICAL DESCRIPTION
Pagination xiv, 524 p. :
Illustrations illus., diagrs., tables.
Size 24 cm.
504 ## - BIBLIOGRAPHY, ETC. NOTE
Bibliography, etc Includes bibliographical references and index.
650 #0 - SUBJECT ADDED ENTRY--TOPICAL TERM
Topical term or geographic name as entry element Photosynthesis
General subdivision Congresses.
9 (RLIN) 29920
700 1# - ADDED ENTRY--PERSONAL NAME
Personal name Gaffron, H.
Fuller form of name (Hans),
942 ## - ADDED ENTRY ELEMENTS (KOHA)
Source of classification or shelving scheme Dewey Decimal Classification
Koha item type Books
Holdings
Lost status Source of classification or shelving scheme Damaged status Not for loan Collection code Permanent Location Current Location Shelving location Date acquired Source of acquisition Cost, normal purchase price Total Checkouts Full call number Date last seen Copy number Koha item type
  Dewey Decimal Classification   Not For Loan Non-fiction Central Library, University of Rajshahi Central Library, University of Rajshahi Reading Room 12/05/1966 Mirza Book agency 60.00   572.46 NAR 1957 21/01/2014 C-1 Books